=LDR 00000nam 2200000 4500 =001 INLIS000000000006468 =005 20130612094613 =008 ***********************************Ind** =035 ##$$0010-061300000006468 =041 ##$$a Ind =082 ##$$a 994 =090 ##$$a 994, Sib s =100 ##$$a SIBORO, J =245 ##$$a Sejarah Australia, J. Siboro =260 ##$$a 1989 $b Bandung =300 ##$$a 204 hlm, ilus, 21 cm =650 ##$$a Autralia - Sejarah =850 ##$$a NBPNMAT